Paralelné spracovane 3D skenov pomocou CUDA
Saved in:
| Main Author: | |
|---|---|
| Other Authors: | |
| Format: | Manuscript Book |
| Language: | Slovak English |
| Published: |
2022
|
| Subjects: | |
| Online Access: | http://is.stuba.sk/zp/portal_zp.pl?podrobnosti=150927 |
| Tags: |
No Tags, Be the first to tag this record!
|
MARC
| LEADER | 00000ntm a22000003a 4500 | ||
|---|---|---|---|
| 001 | stuzp90714 | ||
| 003 | SK-STU | ||
| 005 | 20220618212127.9 | ||
| 007 | ta | ||
| 008 | 150427s2015----xo-----f-mn---000-0-slo-d | ||
| 040 | |a STU |b slo | ||
| 041 | 0 | |a eng | |
| 100 | 1 | |a Karel, Max Dávid |u 070400 |4 aut |U FIIT Fakulta informatiky a informačných technológií |T FIIT Ústav počítačového inžinierstva a aplikovanej informatiky |X 98842 |U I400 |Y 672 |7 98842 | |
| 242 | 0 | 1 | |a Paralelné spracovane 3D skenov pomocou CUDA |y slo |
| 245 | 1 | 0 | |a Paralelné spracovane 3D skenov pomocou CUDA |
| 260 | |c 2022 | ||
| 650 | 4 | |a počítačová grafika |2 slo | |
| 650 | 4 | |a filtrovanie |2 slo | |
| 650 | 4 | |a 3D skenovanie |2 slo | |
| 650 | 4 | |a optimalizácia |2 slo | |
| 650 | 4 | |a computer graphics |2 eng | |
| 650 | 4 | |a filtering |2 eng | |
| 650 | 4 | |a 3D scanning |2 eng | |
| 650 | 4 | |a optimization |2 eng | |
| 700 | 1 | |a Madaras, Martin |4 ths |X 96598 |7 96598 | |
| 856 | 4 | |u http://is.stuba.sk/zp/portal_zp.pl?podrobnosti=150927 | |